Diagnostika nádorového ochorenia pomocou glykánov
Salvato in:
| Autore principale: | |
|---|---|
| Altri autori: | |
| Natura: | Manoscritto Libro |
| Lingua: | slovacco |
| Pubblicazione: |
2024
|
| Soggetti: | |
| Accesso online: | http://is.stuba.sk/zp/portal_zp.pl?podrobnosti=172303 |
| Tags: |
Nessun Tag, puoi essere il primo ad aggiungerne!!
|
MARC
| LEADER | 00000ntm a22000003a 4500 | ||
|---|---|---|---|
| 001 | stuzp94310 | ||
| 003 | SK-STU | ||
| 005 | 20240601210232.3 | ||
| 007 | ta | ||
| 008 | 150427s2015----xo-----f-mn---000-0-slo-d | ||
| 040 | |a STU |b slo | ||
| 041 | 0 | |a slo | |
| 100 | 1 | |a Paprčková, Zuzana |u 040270 |k Z4 |4 aut |U FCHPT Ústav potravinárstva a výživy |T FCHPT Oddelenie výživy a hodnotenia kvality potravín |X 91796 |U C0270 |Y 686 |7 91796 | |
| 242 | 0 | 1 | |a Glycan markers for cancer diagnosis |y eng |
| 245 | 1 | 0 | |a Diagnostika nádorového ochorenia pomocou glykánov |
| 260 | |c 2024 | ||
| 650 | 4 | |a glykány |2 slo | |
| 650 | 4 | |a biomarker |2 slo | |
| 650 | 4 | |a kolorektálny karcinóm |2 slo | |
| 650 | 4 | |a glycans |2 eng | |
| 650 | 4 | |a biomarker |2 eng | |
| 650 | 4 | |a colorectal cancer |2 eng | |
| 700 | 1 | |a Mikulajová, Anna |u 043360 |k Z2 |4 ths |U FCHPT Ústav biochémie a mikrobiológie |T FCHPT Oddelenie výživy a hodnotenia potravín |X 3927 |U C3360 |Y 114 |7 3927 | |
| 856 | 4 | |u http://is.stuba.sk/zp/portal_zp.pl?podrobnosti=172303 | |